| 000 | 01218nam a22003377a 4500 | ||
|---|---|---|---|
| 003 | CHAP | ||
| 005 | 20220329140450.0 | ||
| 008 | 971013s1979 r 00010 d | ||
| 010 | _a52352 | ||
| 011 | _a53324 | ||
| 035 | _a57474 | ||
| 040 | _cCHAP | ||
| 090 | _aTesis | ||
| 100 | 0 | 0 |
_aPortillo Pérez, Gerardo. _991004 |
| 245 | _aEstudio económico para evaluar la rentabilidad de un proyecto de apicultura de 600 colmenas en el medio rural en el estado de Zacatecas | ||
| 260 |
_aMéxico, D.F. : _bEl autor, _c1979 |
||
| 300 |
_a(s.p.) _b: mapa |
||
| 502 | _aTesis (Médico Veterinario Zootenista) -- UNAM. Fac. de Medicina Veterinaria y Zootecnia | ||
| 590 |
_aALEPH _b10 _c20130110 _lUCH01 _h1329 |
||
| 590 |
_aBATCH-UPD _b10 _c20130110 _lUCH01 _h0140 |
||
| 590 |
_aBATCH-UPD _b10 _c20130110 _lUCH01 _h2339 |
||
| 590 |
_aBATCH-UPD _b10 _c20130409 _lUCH01 _h2138 |
||
| 590 |
_aBATCH-UPD _b10 _c20130410 _lUCH01 _h1628 |
||
| 590 |
_aBATCH-UPD _b10 _c20130914 _lUCH01 _h1933 |
||
| 590 |
_aCONVERSION _b10 _c20130109 _lUCH01 _h1328 |
||
| 650 | 1 | 4 |
_aApicultura _xAspectos economicos _xZacatecas. _96247 |
| 650 | 1 | 4 |
_aApicultura _xZacatecas. _96284 |
| 901 | _aBK | ||
| 942 | _cTESIS | ||
| 949 |
_bBC _cTES _d-125006 _eTS1 _i57474 _si |
||
| 999 |
_c52352 _d52352 |
||